logo

Bir Sreshtho Munshi Abdur Rouf Library
Jhenaidah Cadet College

কুদরাত এ খুদা শিক্ষা কমিশন রিপোর্ট / (Record no. 7883)

MARC details
000 -LEADER
fixed length control field 00906nam a22002057a 4500
003 - CONTROL NUMBER IDENTIFIER
JCCL marc code BD-JhCC
005 - DATE AND TIME OF LATEST TRANSACTION
control field 20181003180246.0
008 - FIXED-LENGTH DATA ELEMENTS--GENERAL INFORMATION
fixed length control field 180215b1996 bg ||||| |||| 00| 0 ben d
035 ## - SYSTEM CONTROL NUMBER
system control number (BD-JhCC)
040 ## - CATALOGING SOURCE
Original cataloging agency BD-JhCC
Modifying agency BD-JhCC
041 ## - LANGUAGE CODE
Language code of Book ben
082 ## - DEWEY DECIMAL CLASSIFICATION NUMBER
Classification number 370.1
Author mark and Year QUD 1996
245 ## - TITLE STATEMENT
Title কুদরাত এ খুদা শিক্ষা কমিশন রিপোর্ট /
Statement of responsibility, etc বাংলাদেশ কলেজ- বিশ্ববিদ্যালয় শিক্ষক সমিতি,
260 ## - PUBLICATION, DISTRIBUTION, ETC. (IMPRINT)
Place of publication, distribution, etc ঢাকা :
Name of publisher, distributor, etc বাংলাদেশ কলেজ- বিশ্ববিদ্যালয় শিক্ষক সমিতি,
Date of publication, distribution, etc ১৯৯৬
300 ## - PHYSICAL DESCRIPTION
Pagination 302 p. :
Dimensions 22 cm.
650 ## - SUBJECT ADDED ENTRY--TOPICAL TERM
Topical term or geographic name as entry element Education Rules
710 ## - ADDED ENTRY--CORPORATE NAME
Corporate name or jurisdiction name as entry element বাংলাদেশ কলেজ- বিশ্ববিদ্যালয় শিক্ষক সমিতি,
942 ## - ADDED ENTRY ELEMENTS (KOHA)
Source of classification or shelving scheme Dewey Decimal Classification
Koha item type Books
Holdings
Source of classification or shelving scheme Damaged status Not for loan Home library Current library Shelving location Date of accession Cost, normal purchase price Total Checkouts Full call number Barcode Date last seen Copy number Koha item type
Dewey Decimal Classification     JCC Rouf Library JCC Rouf Library General Stacks 02/15/2018 200.00   370.1 QUD 1996 10329 02/15/2018 C-1 Books

JCC Library | Contacts | JCC Home

Last Update on 23 September 2017
Copyright @ 2017-2020 JCC Rouf Library
Rouf Library, Jhenidah Cadet College (JCC), Bangladesh